Normal view
MARC view
- Lougheed Lin Ed
Entry Personal Name
001 - CONTROL NUMBER
- control field: 213095
003 - CONTROL NUMBER IDENTIFIER
- control field: OSt
005 - DATE AND TIME OF LATEST TRANSACTION
- control field: 20250916094203.0
008 - FIXED-LENGTH DATA ELEMENTS
- fixed length control field: 250916|| aca||aabn | a|a d
040 ## - CATALOGING SOURCE
- Original cataloging agency: OSt
- Transcribing agency: OSt
100 ## - HEADING--PERSONAL NAME
- Personal name: Lougheed Lin Ed
670 ## - SOURCE DATA FOUND
- Source citation: Work cat.: (OSt)367805: Lougheed Lin Ed., Barron's IELTS Premium, 2024